000 00810na a2200241 4500
001 18539
003 MIRAKIL
005 20181213155039.0
008 161121b tu 000 0
040 _aMilas
_btur
_cTR-AnCHP
041 _atur
082 _a338.90293326
_bB37b 1993
090 _a338.90293326 B37b 1993
111 _aBeş Yıllık Kalkınma Planı
_d1990-1994
_n6.
245 _a1993 Yılı yatırım programı
_cDevlet Planlama Teşkilatı (DPT)
260 _aAnkara
_b[DPT]
_c1993
300 _a302 s.
_btbl.;
_c23 sm.
610 _aDevlet Planlama Teşkilatı (DPT)
_xKalkınma planları
650 _aKalkınma planı
_d1990-1994
_xyatırım programları, 1993
651 _aTürkiye
_xBeş yıllık kalkınma planları
710 _aDevlet Planlama Teşkilatı (DPT)
942 _2ddc
_cBKS
999 _c5518
_d5518